Schweizer EM Kader 2016 - Statistiken

Allgemein
  • Dieses Quiz wurde 31 mal gespielt
  • Das Durchschnittsergebnis liegt bei 14 aus 23
Antwortstatistiken
Position Verein Antwort % Korrekt
Torhüter Borussia Münchengladbach Yann Sommer
100%
Mittelfeld Stoke City Xherdan Shaqiri
96%
Mittelfeld Borussia Münchengladbach Granit Xhaka
93%
Torhüter Borussia Dortmund Roman Bürki
93%
Torhüter Fc Augsburg Marvin Hitz
89%
Verteidiger VfL Wolfsburg Ricardo Rodriguez
89%
Verteidiger Juventus Turin Stephan Lichtsteiner
85%
Stürmer Fc Basel Breel Embolo
70%
Verteidiger Borussia Münchengladbach Nico Elvedi
70%
Verteidiger TSG Hoffenheim Fabian Schär
67%
Stürmer Eintracht Frankfurt Haris Seferović
63%
Mittelfeld FVS Mainz 05 Fabian Frei
52%
Mittelfeld Fc Watford Valon Behrami
48%
Mittelfeld CFC Genua Blerim Džemaili
44%
Verteidiger Hamburger SV Johan Djourou
44%
Stürmer Bayer 04 Leverkusen Admir Mehmedi
41%
Stürmer Kasımpaşa Istanbul Eren Derdiyok
41%
Verteidiger Fc Basel Michael Lang
41%
Mittelfeld BSC Young Boys Bern Denis Zakaria
37%
Mittelfeld Stade Rennes Gelson Fernandes
37%
Verteidiger BSC Young Boys Bern Steve von Bergen
33%
Verteidiger Fc Toulouse François Moubandje
26%
Mittelfeld Grashoppers club Zürich Shani Tarashaj
7%
Keine übereinstimmenden Quizze gefunden
Verteilung der Resultate
Anzahl Personen mit jedem Resultat
Perzentil nach korrekt beantworteten Fragen
Ihre Resultats-Entwicklung
Sie haben dieses Quiz noch nicht gespielt